| 000 | 00528cam a2200145 4500500 | ||
|---|---|---|---|
| 005 | 20251012032626.0 | ||
| 041 | _afre | ||
| 042 | _adc | ||
| 100 | 1 | 0 |
_aVieuille, Marie-Françoise _eauthor |
| 245 | 0 | 0 | _aW.G. Sebald, Austerlitz, traduit de l’allemand par Patrick Charbon-neau, Gallimard, « Folio », 2006, 401 pages. |
| 260 | _c2008. | ||
| 500 | _a64 | ||
| 786 | 0 | _nSigila | 22 | 2 | 2008-12-20 | p. 233-235 | 1286-1715 | |
| 856 | 4 | 1 | _uhttps://shs.cairn.info/revue-sigila-2008-2-page-233?lang=fr&redirect-ssocas=7080 |
| 999 |
_c1547883 _d1547883 |
||